Sintomi, corpo, femminilità : dall'isteria alla bulimia /
I tiakina i:
| Ētahi atu kaituhi: | , |
|---|---|
| Hōputu: | Pukapuka |
| Reo: | Itāriana |
| I whakaputaina: |
Bologna :
CLUEB,
\1999!
|
| Rangatū: | Ghenos
|
| Ngā marau: | |
| Ngā Tūtohu: |
Kāore He Tūtohu, Me noho koe te mea tuatahi ki te tūtohu i tēnei pūkete!
|
MARC
| LEADER | 00000nam a2200000 i 4500 | ||
|---|---|---|---|
| 001 | IT\ICCU\RAV\0335602 | ||
| 003 | ItRI | ||
| 005 | 20260115231916.0 | ||
| 008 | 990715s1999 it |||||| ||||| |||||c | ||
| 015 | |2 IT |a 2000-625 | ||
| 020 | |a 8849111959 | ||
| 040 | |b ita |c importazione bologna sebina | ||
| 041 | 7 | |a ita |2 ISO-639-2 | |
| 082 | |a 616.8914082 |9 DISTURBI PSICHICI. PSICOTERAPIA. Il soggetto riferito alle donne |2 21 | ||
| 245 | 0 | 0 | |a Sintomi, corpo, femminilità : |b dall'isteria alla bulimia / |c a cura di Francesca Molfino e Claudia Zanardi. |
| 260 | |a Bologna : |b CLUEB, |c \1999! | ||
| 300 | |a 350 p. ; |c 19 cm | ||
| 500 | |a Relazioni presentate al Convegno tenuto a Bologna nel 1996. | ||
| 650 | 7 | |a Donna |x Psicoterapia |x Congressi |x 1996 |2 scbi | |
| 700 | 1 | |a Molfino, Francesca |0 IT\ICCU\LO1V\020742 | |
| 700 | 1 | |a Zanardi, Claudia |0 IT\ICCU\MILV\111471 | |
| 830 | 0 | |a Ghenos |0 IT\ICCU\MIL\0191515 | |
| 942 | |2 ddc |c BK |n 0 | ||
| 952 | |0 0 |1 0 |4 0 |6 DOC_616_891000000000000_MOL |7 0 |9 16117 |a BO |b BO |d 2026-01-15 |i 5231 |l 0 |o DOC 616.891 MOL |p BO5231 |r 2026-01-15 23:19:16 |w 2026-01-15 |x [Sebina 5] [1 v.] |y BK |z 1 v. | ||
| 999 | |c 13855 |d 13855 | ||